00895 2200229 4500001002100000005001700021008004100038035002500079040001200104082001500116090002000131100002700151245019700178260007300375300003100448500008100479504002800560650003500588700001200623850001200635990001800647INLIS00000000000861320150807094104.0  a0010-081500000000051 aYOPDYOG 223a530.07 aSK 530.07 Sit K aSITI Nasrotul Lailiyah aKorelasi antara lingkungan belajar dan apresiasi pengamalan beribadah dengan prestasi belajar fisika siswa kelas II semester II SMP Muhammadiyah 7 Kotagede Yogyakartac/ Siti Nasrotul Lailiyah aYogyakartabUniversitas Islam Negeri Sunan Kalijaga Yogyakartac2005 axii, 61 lembarc; 29,5 cm. aSkripsi Fakultas Tarbiyah Universitas Islam Negeri Sunan Kalijaga Yogyakarta aBibliografi: hlm. 60-61 aFisika -- studi dan pengajaran aMURTONO aYOPDYOG a47024-PD/A.15